Statistics for Flags of European Union Countries Quiz

Click here to take the quiz!

General Stats

  • This quiz has been taken 859 times
    (804 since last reset)
  • The average score is 26 of 27

Answer Stats

Answer% Correct
Ireland
100%
Finland
99%
Germany
99%
Sweden
99%
Austria
98%
Greece
98%
Denmark
97%
France
97%
Poland
97%
Spain
97%
Belgium
96%
Croatia
96%
Cyprus
96%
Italy
96%
Hungary
95%
Portugal
95%
Malta
94%
Slovakia
94%
Czech Republic
93%
Estonia
93%
Netherlands
93%
Romania
93%
Bulgaria
92%
Latvia
92%
Luxembourg
91%
Slovenia
91%
Lithuania
88%

Score Distribution

Percentile by Number Answered

Percent of People with Each Score

Your Score History

You have not taken this quiz since the last reset